00553 a2200181 4500001000900000005001700009008004100026245004800067100002400115700002300139700002600162700002400188700002000212700002500232700002100257773007600278999001700354ART_963920260410161837.0260409a 10aBases para la determinación de resultados1 aGarcía, Sergio O.1 aElizalde, Mario D.1 aMaquieira, Alberto G.1 aMerodio, Haroldo M.1 aPiccina, José1 aSeijas, Pedro José1 aVega, Rubén O.0 tContabilidad y administracióng- Año 6, Nº 57 (mar. 1982)wREV5485 c23759d23759